00497 2200169 4500245005800000020002200058250001100080100001800091700001900109650002800128005001900156260009700175041001400272084001200286300002000298336000900318 aKamus Bahasa Indonesia - VietnamcTran Van TanghText a978-602-437-927-8 aCet. 1 aTran Van Tang aLe Trung Cuong aKamus Indonesia Vietnam a20241031105026 aJakartabBadan Pengembangan Bahasa dan Perbukuan Kementerian Pendidikan dan Kebudayaanc2019 aIndonesia a499.219 a272 Hlm. :cPDF atext